| 000 | 01001nam a22003137a 4500 | ||
|---|---|---|---|
| 001 | 012456 | ||
| 003 | DO-SdBNP | ||
| 005 | 20171108124937.0 | ||
| 007 | 012456 | ||
| 008 | 160915b2008 mx |||| |||| 00| 0 spa d | ||
| 020 | _a9707705803567 | ||
| 040 |
_aBPMSU _bspa _cBPMSU |
||
| 082 | 4 |
_a138 _bK83L |
|
| 100 | 1 | _a Koppel, Mónica | |
| 245 | 1 | 0 |
_a Mian Xiang : _bel arte chino de la interpretación del rostro / _cMónica Koppel y Bruno Koppel |
| 246 | 3 | 4 |
_aLectura del rostro Mian Xiang : _bel arte chino de la interpretación del rostro |
| 260 | 0 |
_aMéxico, D.F. : _bAlamah, _c2008 |
|
| 300 |
_a257 p. ; _bil., gráficos _c23 cm. |
||
| 490 | 1 | _aTradiciones de oriente | |
| 650 | 4 |
_aCARA _xASPECTOS PSICOLÓGICOS |
|
| 650 | 4 | _aEXPRESIÓN FACIAL | |
| 650 | 4 | _aFISIONOMIA | |
| 700 | 1 | 2 | _aKoppel, Bruno |
| 830 | _aTradiciones de oriente | ||
| 910 | _aValidado. Control de calidad MFF | ||
| 942 |
_2ddc _cBK |
||
| 945 | _aInventariado, 2017/MFF | ||
| 956 |
_aVMATEO _b10 _c20160915 _dBPMSU _f0069 |
||
| 999 |
_c11410 _d11410 |
||